书目信息 |
| 题名: |
一汽大众汽车维修案例精析与技术通报
|
|
| 作者: | 于海东 , 胡波勇 主编 | |
| 分册: | ||
| 出版信息: | 北京 化学工业出版社 2017.6 |
|
| 页数: | 200页 | |
| 开本: | 26cm | |
| 丛书名: | ||
| 单 册: | ||
| 中图分类: | U469.110.7 | |
| 科图分类: | ||
| 主题词: | 轿车--维修 | |
| 电子资源: | ||
| ISBN: | 978-7-122-26749-8 | |
| 000 | 01162nam0 2200241 450 | |
| 001 | 0400001962 | |
| 005 | 20171019205350.0 | |
| 010 | @a978-7-122-26749-8@dCNY49.80 | |
| 100 | @a20160718d2017 em y0chiy50 ea | |
| 101 | 0 | @achi |
| 102 | @aCN@b110000 | |
| 105 | @aa z 000yy | |
| 106 | @ar | |
| 200 | 1 | @a一汽大众汽车维修案例精析与技术通报@9yi qi da zhong qi che wei xiu an li jing xi yu ji shu tong bao@f于海东,胡波勇主编 |
| 210 | @a北京@c化学工业出版社@d2017.6 | |
| 215 | @a200页@c图@d26cm | |
| 330 | @a本书收录的一汽大众车型大多为近几年国内畅销的新车型和一些新款车型,收录的每一个汽车维修案例都力求经典、丰富,并提供正确的诊断思路和解决方法,具有很强的维修指导性。目的就是希望这些维修案例能够直接应用到日常工作中,有效地解决实际发生的问题。该书按发动机、变速器、底盘、车身四大系统进行分类,每个系统又按不同的车型进行分类,有很强的条理性,便于读者按需阅读。本书收录了全新迈腾、速腾、CC、全新高尔夫、新宝来、新捷达等多款车型的故障诊断维修案例。 | |
| 606 | 0 | @a轿车@x维修 |
| 690 | @aU469.110.7@v5 | |
| 701 | 0 | @a于海东@9yu hai dong@4主编 |
| 701 | 0 | @a胡波勇@9hu bo yong@4主编 |
| 801 | 0 | @aCN@b91MARC@c20171019 |
| 905 | @b1031095-9@dU469.110.7@f5@e518 | |
| 一汽大众汽车维修案例精析与技术通报/于海东,胡波勇主编.-北京:化学工业出版社,2017.6 |
| 200页:图;26cm |
| ISBN 978-7-122-26749-8:CNY49.80 |
| 本书收录的一汽大众车型大多为近几年国内畅销的新车型和一些新款车型,收录的每一个汽车维修案例都力求经典、丰富,并提供正确的诊断思路和解决方法,具有很强的维修指导性。目的就是希望这些维修案例能够直接应用到日常工作中,有效地解决实际发生的问题。该书按发动机、变速器、底盘、车身四大系统进行分类,每个系统又按不同的车型进行分类,有很强的条理性,便于读者按需阅读。本书收录了全新迈腾、速腾、CC、全新高尔夫、新宝来、新捷达等多款车型的故障诊断维修案例。 |
| ● |
| 相关链接 |
|
|
|
|
正题名:一汽大众汽车维修案例精析与技术通报
索取号:U469.110.7/518
 
预约/预借
| 序号 | 登录号 | 条形码 | 馆藏地/架位号 | 状态 | 备注 |
| 1 | 1031095 | 210310956 | 第二样本阅览室/ [索取号:U469.110.7/518] | 在馆 | |
| 2 | 1031096 | 210310965 | 第三借阅区/ [索取号:U469.110.7/518] | 在馆 | |
| 3 | 1031097 | 210310974 | 第三借阅区/ [索取号:U469.110.7/518] | 在馆 | |
| 4 | 1031098 | 210310983 | 第三借阅区/ [索取号:U469.110.7/518] | 在馆 | |
| 5 | 1031099 | 210310992 | 密集书库-物理学院/ [索取号:U469.110.7/518] | 在馆 |